Matematické metody v plánování odvětví a podniků

Salvato in:
Dettagli Bibliografici
Natura: Libro
Lingua:ceco
Pubblicazione: Praha Státní nakladatelství technické literatury 1981
Tags: Aggiungi Tag
Nessun Tag, puoi essere il primo ad aggiungerne!!

MARC

LEADER 00000nam a2200000 4500
001 c137473
005 20260313113333.8
041 0 |a cze 
044 |a CZ 
245 1 0 |a Matematické metody v plánování odvětví a podniků  |c [z rus. orig. přel. Jiří Beck, Josef Lauber] 
264 1 |a Praha  |b Státní nakladatelství technické literatury  |c 1981 
300 |a 345 s.